00230 a2200097 450000100060000008200170000610000260002324500460004926000290009530000080012476690 a891.4393 QAS aAtta ur Rehman Qasimi aBarah SingaycAtta ur Rehman QasimihUrdu aLahorebNastaliquec2009 a352